000 00319nam a2200145 4500
008 190122s2008||||xo d
100 1 _aKurth Hanns
_9800
245 1 0 _aLexikón snov
250 _a1.vydanie
260 _bIKAR
_aBratislava
_c2008
020 _c0
041 1 _aslo
044 _axo
_cSK
958 _aAPR
999 _c22002
_d22002